Simetría, congruencia y semejanza
Gorde:
| Erakunde egilea: | |
|---|---|
| Formatua: | Liburua |
| Hizkuntza: | gaztelania |
| Argitaratua: |
Ciudad de México
Trillas
1970
|
| Saila: | Temas de Matemáticas, 18
|
| Gaiak: | |
| Etiketak: |
Etiketa erantsi
Etiketarik gabe, Izan zaitez lehena erregistro honi etiketa jartzen!
|
MARC
| LEADER | 00000nam a2200000 a 4500 | ||
|---|---|---|---|
| 001 | UCT2972 | ||
| 003 | CL-VaPUC | ||
| 008 | 961018e19700000MX |||||||||||||||||spa|d | ||
| 082 | 0 | 4 | |a 516.2 |b NAT |2 21 |
| 110 | 2 | |a National Council of Teachers of Mathematics, U.S.A |e author |9 371996 | |
| 245 | 1 | 0 | |a Simetría, congruencia y semejanza |
| 300 | |a 62 p | ||
| 942 | |c BK | ||
| 945 | |d 19961018 00:00:00 |a cmena | ||
| 260 | |a Ciudad de México |b Trillas |c 1970 | ||
| 650 | 0 | |a Matemática |9 260235 | |
| 650 | 0 | |a Matemáticas |x Enseñanza |9 875527 | |
| 650 | 0 | |a Métodos de enseñanza |9 270413 | |
| 650 | 0 | |a Educación básica |9 224933 | |
| 650 | 0 | |a Geometría |9 264063 | |
| 650 | 0 | |a Simetría |9 269045 | |
| 650 | 7 | |a CONGRUENCIAS |2 CL-VaPUC |9 371998 | |
| 583 | |a last modification |c 19961018 00:00:00 |k Rodrigo Vera | ||
| 490 | 0 | |a Temas de Matemáticas, 18 | |
| 999 | |c 252850 |d 252848 | ||
| 952 | |0 0 |1 0 |4 0 |6 516_200000000000000_NAT_1970 |7 0 |8 A |9 272972 |a BIBCUR |b BIBCUR |d 2019-11-19 |i 1768026 |o 516.2 NAT 1970 |p 1768026 |r 2025-04-22 |w 2019-11-19 |y BK |k BCB | ||
| 952 | |0 0 |1 0 |4 0 |6 516_200000000000000_NAT_1970 |7 0 |8 A |9 272973 |a BIBMAT |b BIBMAT |c E_DIDACT |d 2019-11-19 |i 3361667 |o 516.2 NAT 1970 |p 3361667 |r 2025-01-07 |w 2019-11-19 |y BK |k MAT | ||
| 952 | |0 0 |1 0 |4 0 |6 516_200000000000000_NAT_1970 |7 0 |8 A |9 272974 |a BIBMAT |b BIBMAT |c E_DIDACT |d 2019-11-19 |i 4544331 |o 516.2 NAT 1970 |p 4544331 |r 2025-01-07 |w 2019-11-19 |y BK |k MAT | ||